<?xml version="1.0" encoding="UTF-8"?><?xml-stylesheet type="text/xsl" href="static/style.xsl"?><OAI-PMH xmlns="http://www.openarchives.org/OAI/2.0/" xmlns:xsi="http://www.w3.org/2001/XMLSchema-instance" xsi:schemaLocation="http://www.openarchives.org/OAI/2.0/ http://www.openarchives.org/OAI/2.0/OAI-PMH.xsd"><responseDate>2026-04-13T14:23:53Z</responseDate><request verb="GetRecord" identifier="oai:www.recercat.cat:10256/26486" metadataPrefix="marc">https://recercat.cat/oai/request</request><GetRecord><record><header><identifier>oai:recercat.cat:10256/26486</identifier><datestamp>2025-02-28T04:57:41Z</datestamp><setSpec>com_2072_452955</setSpec><setSpec>com_2072_2054</setSpec><setSpec>col_2072_453074</setSpec></header><metadata><record xmlns="http://www.loc.gov/MARC21/slim" xmlns:dcterms="http://purl.org/dc/terms/" xmlns:xsi="http://www.w3.org/2001/XMLSchema-instance" xmlns:doc="http://www.lyncode.com/xoai" xsi:schemaLocation="http://www.loc.gov/MARC21/slim http://www.loc.gov/standards/marcxml/schema/MARC21slim.xsd">
   <leader>00925njm 22002777a 4500</leader>
   <datafield ind2=" " ind1=" " tag="042">
      <subfield code="a">dc</subfield>
   </datafield>
   <datafield ind2=" " ind1=" " tag="720">
      <subfield code="a">Fisher, Joshua A.</subfield>
      <subfield code="e">author</subfield>
   </datafield>
   <datafield ind2=" " ind1=" " tag="720">
      <subfield code="a">Gifreu Castells, Arnau</subfield>
      <subfield code="e">author</subfield>
   </datafield>
   <datafield ind2=" " ind1=" " tag="260">
      <subfield code="c">2022-07-13</subfield>
   </datafield>
   <datafield ind2=" " ind1=" " tag="520">
      <subfield code="a">This work explores the ethical and moral limits of practicing realism in immersive nonfiction. To establish these practices, the nonfiction media ecosystem is analyzed from traditional to emerging immersive forms. Four significant forms of nonfiction works are discussed that reflect different ethics of realism: docu-mentary, journalism, education, and cultural heritage. Through the description and presentation of each form, a provisional set of elements, variables, indicators and parameters that impact practices and ethics of realism are presented. These compositional elements can be implemented in the design, development and production of experiences for audiences that respect social, cultural, political, physical, and material realities</subfield>
   </datafield>
   <datafield ind2=" " ind1=" " tag="520">
      <subfield code="a">Este trabajo cuestiona los límites éticos y morales a la hora de re-presentar el realismo en entornos inmersivos de no ficción. Para establecer estas prácticas, se analiza el ecosistema mediático de no ficción, desde las formas más tradicionales hasta las formas inmersivas emergentes. Con el fin de ilustrar las diferentes éticas aplicadas al realismo, se analizan cuatro formas significativas de no ficción: documental, periodismo, educación y patrimonio cultural. A través de la descripción y presentación de cada forma, se presenta un conjunto provi-sional de elementos, variables, indicadores y parámetros que inciden a nivel de impacto en las prácticas y éticas en relación con el realismo. Estos elementos compositivos pueden implementarse en el diseño, desarrollo y producción de experiencias  para  audiencias  que  respeten  las  realidades  sociales,  culturales, políticas, físicas y materiales</subfield>
   </datafield>
   <datafield ind2=" " ind1=" " tag="520">
      <subfield code="a">Este trabalho questiona os limites éticos e morais da prática do realismo na não ficção imersiva. Para estabelecer essas práticas, o ecossistema midiático de não ficção é analisado das formas imersivas tradicionais às emergentes. São discutidas  quatro  formas  significativas  de  obras  narrativas  de  não  ficção  que refletem  diferentes  éticas  do  realismo:  documentário,  jornalismo,  educação e  patrimônio  cultural. Através  da  descrição  e  apresentação  de  cada  formato, apresenta-se  um  conjunto  provisório  de  elementos, variáveis,  indicadores  e parâmetros  que  impactam  as  práticas  e  a  ética  do  realismo.  Esses  elementos composicionais podem ser implementados na concepção, desenvolvimento e produção  de  experiências  para  públicos  que  respeitem  as  realidades  sociais, culturais, políticas, físicas e materiais</subfield>
   </datafield>
   <datafield ind2=" " ind1=" " tag="520">
      <subfield code="a">10</subfield>
   </datafield>
   <datafield ind1="8" ind2=" " tag="024">
      <subfield code="a">http://hdl.handle.net/10256/26486</subfield>
   </datafield>
   <datafield tag="653" ind2=" " ind1=" ">
      <subfield code="a">Realisme</subfield>
   </datafield>
   <datafield tag="653" ind2=" " ind1=" ">
      <subfield code="a">Realism</subfield>
   </datafield>
   <datafield tag="653" ind2=" " ind1=" ">
      <subfield code="a">Ètica</subfield>
   </datafield>
   <datafield tag="653" ind2=" " ind1=" ">
      <subfield code="a">Ethics</subfield>
   </datafield>
   <datafield tag="653" ind2=" " ind1=" ">
      <subfield code="a">Comunicació audiovisual -- Aspectes ètics i morals</subfield>
   </datafield>
   <datafield tag="653" ind2=" " ind1=" ">
      <subfield code="a">Broadcasting -- Moral and ethical aspects</subfield>
   </datafield>
   <datafield ind2="0" ind1="0" tag="245">
      <subfield code="a">The Ethics of Realism as a New Media Language in Immersive Media = La ética del realismo como lenguaje de los nuevos medios en medios inmersivosA Ética do Realismo como uma Nova Linguagem de Mídia em mídia imersiva = A Ética do Realismo como uma Nova Linguagem de Mídia em mídia imersiva</subfield>
   </datafield>
</record></metadata></record></GetRecord></OAI-PMH>